Movies Quiz

Random Movies Quiz

Harry potter and the chamber of secrets Quiz Stats

 Plays Quiz not verified by Sporcle

Score 0/17 Timer 04:00
0 Plays Today
Question Answer % Correct
Who was killed in the girls bathroom?Moaning Myrtle
97.3%
What is the giant snake called?Basilisk
92.8%
What objecct gets destroyed in the Chamber of Secrets?Tom Riddle's diary
83.2%
Who charms the bludger to hit Harry?Dobby
77.3%
Who does Dobby belong to?The Malfoys
76.7%
What clothing article does Dobby receive?Sock
74.1%
Who comes to take Harry from the Dursleys?Ron Weasley
73.2%
Who is the defense against the dark arts teacher?Gileroy Lockhart
71.7%
Who gets locked in the Chamber of Secrets with Tom Riddle?Ginny Weasley
70.8%
Question Answer % Correct
What is Dumbledore's pheonix named?Fawkes
69.9%
What is the giant spider's name?Aragog
69.6%
What tree do Harry and Ron crash into?Whomping Willow
68.1%
What does Harry use to destroy the diary?A Basilisk fang
66.1%
Who created the Chamber os Secrets?Salzar Slytherin
63.9%
What does the pheonix bring Harry in the Chamber os Secrets?Gryffindor sword
62.4%
How does Harry break his arm?Falls off of his broom
21.9%
How does Harry get to Hogwarts?Flies in a car
11.3%

You're not logged in!

Compare scores with friends on all Sporcle quizzes.
OR
Log In

Sporcle TV

Today on Sporcle TV


Watch our educational content, quiz creation guides, and fun videos on Sporcle TV.

Show Comments

Extras

Created Nov 25, 2010ReportNominate
Tags:chamber, secret

Top Quizzes Today


Score Distribution

Your Account Isn't Verified!

In order to create a playlist on Sporcle, you need to verify the email address you used during registration. Go to your Sporcle Settings to finish the process.

Report this User

Report this user for behavior that violates our Community Guidelines.

Details: